000 00521nam a22001457a 4500
999 _c532933
_d532933
008 260402b ||||| |||| 00| 0 eng d
100 _aTomar, Jitendra Kumar
_959946
245 _aBraving the odds: My journey in olive green
260 _aU.S.I. Journal
300 _a105(642), Oct-Dec, 2025: p.767-772
520 _aJitendra Kumar Tomar, Pages: 156, Price: 500.-Repropuced https://usiofindia.org/pdf/USI_Journal_Oct_Dec_2025_Final.pdf
773 _aU.S.I. Journal
906 _aBOOK REVIEW
942 _cAR